|
|
|
|
| LEADER |
01194nam a22002777a 4500 |
| 001 |
33973 |
| 003 |
BD-DhAAL |
| 005 |
20181115110658.0 |
| 008 |
181115t1998 bg b 000 0 ben d |
| 999 |
|
|
|c 40249
|d 40249
|
| 020 |
|
|
|a 9844014654
|
| 040 |
|
|
|a BD-DhAAL
|
| 041 |
0 |
|
|a BEN
|
| 082 |
0 |
4 |
|a 954.92
|2 22
|
| 100 |
|
|
|a খলিলউল্লাহ, এস.
|9 28929
|
| 245 |
|
|
|a বাঙালি জাতি :
|b চেতনার স্বরূপ ও রূপান্তরের ধারা /
|c এস. খলিলউল্লাহ
|
| 260 |
|
|
|a ঢাকা :
|b আগামী প্রকাশনী,
|c ১৯৯৮
|
| 300 |
|
|
|a ৭০ পৃষ্ঠা ;
|c ২২ সে.মি.
|
| 504 |
|
|
|a বিবলিওগ্রাফী অন্তর্ভুক্ত (পৃষ্ঠা ৭১)
|
| 526 |
|
|
|a AAL
|
| 541 |
|
|
|a BoiBazar.com
|e 33973
|
| 651 |
|
0 |
|a Bangladesh
|x History
|9 22515
|
| 651 |
|
0 |
|a Bangladesh
|x Civilization
|9 28930
|
| 852 |
|
|
|a Ayesha Abed Library
|c General Stacks
|
| 942 |
|
|
|2 ddc
|c BK
|
| 952 |
|
|
|0 0
|1 0
|2 ddc
|4 0
|6 954_920000000000000_KHA
|7 0
|9 64630
|a BRACUL
|b BRACUL
|c GEN
|d 2018-11-01
|e BoiBazar.com
|g 45.00
|l 0
|o 954.92 KHA
|p 3010033973
|r 2018-11-01
|t 1
|v 45.00
|w 2018-11-01
|y BK
|